[Event "MFR_QT_2015"]
[Site "Nürnberg"]
[Date "2015.04.04"]
[Round "7.12"]
[White "Dreiseitel, Werner"]
[Black "Rummel, Gerald"]
[Result "0-1"]
[WhiteElo "1571"]
[BlackElo "1809"]
[PlyCount "64"]
[EventDate "2015.??.??"]
[WhiteTeam "SC NT Nürnberg"]
[BlackTeam "SC Anderssen Nbg"]

1. d4 Nf6 2. Nf3 g6 3. Bf4 Bg7 4. e3 O-O 5. h3 d6 6. Bc4 c6 7. O-O b5 8. Bd3
Nbd7 9. c3 Nb6 10. Nbd2 a6 11. e4 Nfd7 12. e5 dxe5 13. dxe5 Nc5 14. Bc2 Nd3 15.
Bxd3 Qxd3 16. Nb3 Qc4 17. Qd4 Nd5 18. Bg3 a5 19. Qxc4 bxc4 20. Nbd2 Nb6 21. Ne4
Be6 22. Rfd1 Bd5 23. Ned2 Na4 24. Rab1 e6 25. Re1 Rab8 26. Ne4 Nxb2 27. Nd6 Na4
28. Nd4 Nxc3 29. Rbc1 Nxa2 30. Rc2 c3 31. Ne2 Kh8 32. Ra1 Rb2 0-1

[Event "MFR_QT_2015"]
[Site "Nürnberg"]
[Date "2015.04.04"]
[Round "7.13"]
[White "Nagel, Felix"]
[Black "Röckl, Adelbert"]
[Result "1-0"]
[WhiteElo "1670"]
[BlackElo "1596"]
[PlyCount "39"]
[EventDate "2015.??.??"]
[WhiteTeam "SC Anderssen Nbg"]
[BlackTeam "SG Zabo-Eintr Nbg"]

1. d4 Nf6 2. c4 e6 3. Nf3 b6 4. Bg5 Bb7 5. e3 Be7 6. Bd3 h6 7. Bh4 O-O 8. Nbd2
c5 9. dxc5 Bxc5 10. O-O Be7 11. Rc1 d6 12. Qe2 Nbd7 13. Rfd1 e5 14. Bb1 Nc5 15.
b4 Ne6 16. Nf1 Qc7 17. Bxf6 Bxf6 18. Ng3 Bxf3 19. Qxf3 g6 20. Qxf6 1-0

[Event "MFR_QT_2015"]
[Site "Nürnberg"]
[Date "2015.04.04"]
[Round "7.14"]
[White "Münzenberg, Dietrich"]
[Black "Grieneisen Pivatto, Tanja"]
[Result "1-0"]
[WhiteElo "1729"]
[BlackElo "1055"]
[PlyCount "87"]
[EventDate "2015.??.??"]
[WhiteTeam "Zabo-Eintracht Nürnberg"]
[BlackTeam "FSV Großenseebach"]

1. d4 d5 2. Bg5 h6 3. Bh4 Nf6 4. Bxf6 exf6 5. g3 Be7 6. Bg2 Be6 7. Nf3 O-O 8.
O-O Nd7 9. Nbd2 a5 10. Rc1 b5 11. e4 c6 12. b3 a4 13. Ne1 Qa5 14. c3 axb3 15.
axb3 Ba3 16. b4 Qa4 17. Qxa4 Rxa4 18. Rb1 dxe4 19. Bxe4 Rc8 20. Nc2 f5 21. Bd3
Nb6 22. Ne3 g6 23. Nb3 Nd7 24. Rfd1 Bxb4 25. cxb4 Bxb3 26. Rxb3 Nb6 27. Rc1 Kg7
28. Bxb5 cxb5 29. Rxc8 Nxc8 30. Nd5 g5 31. Nc7 Nd6 32. d5 Kg6 33. Rc3 Ra1+ 34.
Kg2 Re1 35. Rc6 Kh5 36. Rxd6 f4 37. Rf6 fxg3 38. hxg3 Re5 39. Rxf7 g4 40. d6
Kg6 41. Rf4 Re1 42. Nxb5 Rd1 43. Rxg4+ Kh7 44. Rd4 1-0

[Event "MFR_QT_2015"]
[Site "Nürnberg"]
[Date "2015.04.04"]
[Round "7.15"]
[White "Dreiseitel, Ursula"]
[Black "Schmucker, Jonas"]
[Result "0-1"]
[WhiteElo "1483"]
[BlackElo "1447"]
[PlyCount "126"]
[EventDate "2015.??.??"]
[WhiteTeam "SC NT Nürnberg"]
[BlackTeam "SC NT Nürnberg"]

1. d4 d5 2. Nf3 Bf5 3. Bf4 Nf6 4. Nbd2 Nc6 5. c3 e6 6. Nh4 Bg6 7. Nxg6 hxg6 8.
Nf3 Bd6 9. Bxd6 Qxd6 10. Qb3 O-O 11. e3 e5 12. dxe5 Nxe5 13. Be2 b6 14. O-O
Nfg4 15. Nxe5 Nxe5 16. Rad1 c6 17. Rd4 Qe6 18. Rfd1 Rfe8 19. R1d2 Rad8 20. Qd1
Rd6 21. c4 Red8 22. cxd5 Rxd5 23. b3 Rxd4 24. exd4 Qd6 25. f4 Nd7 26. g3 Nf6
27. Bf3 c5 28. d5 Re8 29. Kf1 Qd7 30. Kg2 Ne4 31. Rd3 Qf5 32. a4 Qd7 33. Re3
Nf6 34. Rd3 a6 35. Rc3 Rd8 36. Rd3 b5 37. h3 c4 38. bxc4 bxc4 39. Rc3 Nxd5 40.
Bxd5 Qxd5+ 41. Qxd5 Rxd5 42. Rxc4 Kf8 43. Re4 f5 44. Re6 Ra5 45. Rxg6 Kf7 46.
Rc6 Rxa4 47. Rc3 Ra1 48. Kf2 a5 49. Ke2 a4 50. Kd2 Rb1 51. Ra3 Rb4 52. Ke3 Rb3+
53. Rxb3 axb3 54. Kd2 Ke6 55. Kc3 Kd5 56. Kxb3 Ke4 57. Kc4 Kf3 58. h4 Kxg3 59.
h5 Kxf4 60. h6 gxh6 61. Kd3 Kf3 62. Kd2 Kf2 63. Kd3 h5 0-1

[Event "MFR_QT_2015"]
[Site "Nürnberg"]
[Date "2015.04.04"]
[Round "7.16"]
[White "Hauck, Martin"]
[Black "Huber, Dominik"]
[Result "1-0"]
[WhiteElo "904"]
[BlackElo "1087"]
[PlyCount "39"]
[EventDate "2015.??.??"]
[WhiteTeam "SC NT Nürnberg 1873"]
[BlackTeam "SC NT Nürnberg"]

1. e4 e5 2. Nf3 Nc6 3. Nc3 Nf6 4. d4 exd4 5. Nxd4 Bc5 6. Be3 d5 7. Nxc6 bxc6 8.
Bxc5 Nxe4 9. Nxe4 dxe4 10. Qxd8+ Kxd8 11. O-O-O+ Bd7 12. Bc4 f5 13. Be6 Kc8 14.
Bxd7+ Kb7 15. Rd4 a5 16. Rhd1 g6 17. Be6 Rad8 18. Rxd8 Rxd8 19. Rxd8 a4 20.
Bc8+ 1-0

[Event "MFR_QT_2015"]
[Site "Nürnberg"]
[Date "2015.04.04"]
[Round "7.17"]
[White "Grieneisen Pivatto, Nicolas"]
[Black "Nam, Siwon"]
[Result "1/2-1/2"]
[WhiteElo "1412"]
[BlackElo "1250"]
[PlyCount "69"]
[EventDate "2015.??.??"]
[WhiteTeam "FSV Großenseebach"]
[BlackTeam "SC NT Nürnberg"]

1. d4 d5 2. c4 Nf6 3. Nf3 Bf5 4. Bf4 Nc6 5. e3 e6 6. a3 Qd7 7. Nc3 O-O-O 8. Bd3
Bxd3 9. Qxd3 Bd6 10. Bxd6 Qxd6 11. Nb5 Qe7 12. O-O a6 13. Nc3 h6 14. Rab1 g5
15. cxd5 exd5 16. Qf5+ Kb8 17. b4 Qe6 18. Qxe6 fxe6 19. a4 g4 20. Nd2 a5 21.
bxa5 Nxa5 22. Rb5 b6 23. Nb3 Nxb3 24. Rxb3 Kb7 25. Rfb1 Nd7 26. a5 Ka6 27. axb6
Nxb6 28. Ra1+ Kb7 29. Rab1 Kc6 30. Rb4 h5 31. Na4 Nxa4 32. Rxa4 Rb8 33. Rc1+
Kd7 34. Ra7 Rbc8 35. Rb7 1/2-1/2